000 00564nam a2200217Ia 4500
003 OSt
005 20221007083007.0
006 a|||||r|||| 00| 0
007 ta
008 221006b |||||||| |||| 00| 0 eng d
024 _a45,692
037 _cDissertations
040 _aFLL
_cFLL
_beng
041 _2eng
_aeng
100 _aPANWAR Arpit
_9700025
245 0 _aTakeovers and combinations
_b a study of their impact on Indian market
260 _c2018
300 _a113p.
_ccm.
942 _cDIS
_2CC
999 _c1168434
_d1168434